Brown Colored Pokemons - Statistics

General Stats
  • This quiz has been taken 8 times
  • The average score is 102 of 146
Answer Stats
Generations Types Answer % Correct
Fire Arcanine
100%
Ground Diglett
100%
Ground Dugtrio
100%
Normal Eevee
100%
Normal/Flying Fearow
100%
Rock/Ground Geodude
100%
Rock/Ground Golem
100%
Rock/Ground Graveler
100%
Fire Growlithe
100%
Fighting Hitmonchan
100%
Fighting Hitmonlee
100%
Fighting Hitmontop
100%
Normal/Flying Hoothoot
100%
Rock/Water Kabuto
100%
Rock/Water Kabutops
100%
Normal Kangaskhan
100%
Fighting Mankey
100%
Normal/Flying Noctowl
100%
Grass/Dark Nuzleaf
100%
Normal/Flying Pidgeot
100%
Normal/Flying Pidgeotto
100%
Normal/Flying Pidgey
100%
Fighting Primeape
100%
Normal Raticate
100%
Rock Regirock
100%
Grass Seedot
100%
Grass/Dark Shiftry
100%
Normal Spearow
100%
Normal Teddiursa
100%
Normal/Ground Ursaluna
100%
Normal Ursaring
100%
Kanto Bug/Poison Weedle
100%
Hoenn Normal Zigzagoon
100%
Psychic Abra
80%
Psychic Alakazam
80%
Ground/Psychic Baltoy
80%
Normal Buneary
80%
Poison/Dragon Dragalge
80%
Fire Entei
80%
Normal/Flying Farfetch'd
80%
Normal Furret
80%
Normal Gumshoos
80%
Psychic Kadabra
80%
Hisui Bug/Rock Kleavor
80%
Ground/Dark Krokorok
80%
Fire/Normal Litleo
80%
Normal Lopunny
80%
Ice/Ground Mamoswine
80%
Dark/Flying Mandibuzz
80%
Unova Normal Patrat
80%
Ghost/Grass Phantump
80%
Ice/Ground Piloswine
80%
Bug Pinsir
80%
Fire/Normal Pyroar
80%
Ground/Dark Sandile
80%
Johto Normal Sentret
80%
Bug/Ghost Shedinja
80%
Grass/Poison Shroomish
80%
Poison/Water Skrelp
80%
Normal Stantler
80%
Water Staryu
80%
Rock Sudowoodo
80%
Ice/Ground Swinub
80%
Ghost/Grass Trevenant
80%
Rock/Dragon Tyrunt
80%
Dark/Flying Vullaby
80%
Normal Watchog
80%
Normal Yungoos
80%
Steel/Ghost Aegislash
60%
Rock/Water Barbaracle
60%
Psychic Beheeyem
60%
Normal/Water Bibarel
60%
Normal Bidoof
60%
Rock/Water Binacle
60%
Rock Bonsly
60%
Water Buizel
60%
Kalos Normal Bunnelby
60%
Sinnoh Fire Chimchar
60%
Poison/Ground Clodsire
60%
Ground Cubone
60%
Grass/Flying Dartrix
60%
Grass/Ghost Decidueye
60%
Normal Diggersby
60%
Normal/Flying Dodrio
60%
Normal/Flying Doduo
60%
Steel/Ghost Doublade
60%
Dragon/Flying Dragonite
60%
Water Feebas
60%
Water Floatzel
60%
Grass Gogoat
60%
Ghost/Grass Gourgeist
60%
Normal Greedent
60%
Fire/Steel Heatran
60%
Ground Hippopotas
60%
Ground Hippowdon
60%
Steel/Ghost Honedge
60%
Fire/Fighting Infernape
60%
Ground/Flying Landorus
60%
Normal Lillipup
60%
Rock Lycanroc(Midday Form)
60%
Ground Marowak
60%
Rock/Flying Minior
60%
Fire/Fighting Monferno
60%
Ground Mudbray
60%
Ground Mudsdale
60%
Dark Nickit
60%
Ground/Ghost Palossand
60%
Ghost/Grass Pumpkaboo
60%
Rock Rockruff
60%
Alola Grass/Flying Rowlet
60%
Ground/Ghost Sandygast
60%
Grass Skiddo
60%
Galar Normal Skwovet
60%
Normal Slaking
60%
Normal Slakoth
60%
Normal/Flying Staraptor
60%
Normal/Flying Staravia
60%
Normal/Flying Starly
60%
Ground/Electric Stunfisk
60%
Normal Tauros
60%
Dark Thievul
60%
Fire Vulpix
60%
Water Arrokuda
40%
Water Barraskewda
40%
Grass/Ghost Brambleghast
40%
Grass/Ghost Bramblin
40%
Fighting Clobbopus
40%
Fighting Conkeldurr
40%
Fairy Dachsbun
40%
Normal/Psychic Farigiraf
40%
Rock Garganacl
40%
Fire/Dragon Gouging Fire
40%
Fighting Hariyama
40%
Rock Nacli
40%
Rock Naclstack
40%
Bug Rellor
40%
Dark/Ground Ting-Lu
40%
Fire Torkoal
40%
Ground Trapinch
40%
Fire/Water Volcanion
40%
Dark/Grass Wo-Chien
40%
Normal Bouffalant
20%
Paldea Normal Oinkologne
20%
Steel Perrserker
20%
Normal Spinda
20%
Dark Maschiff
0%
No matching quizzes found
Score Distribution
Percent of People with Each Score
Percentile by Number Answered
Your Score History
You have not taken this quiz